Detalles MARC
| 000 -LIDER |
| fixed length control field |
02338nam a22003137a 4500 |
| 001 - NÚMERO DE CONTROL |
| Identificador de número de control |
000518 |
| 003 - IDENTIFICACDOR DE NÚMERO DE CONTROL |
| control field |
DO-SdBNP |
| 005 - DATE AND TIME OF LATEST TRANSACTION |
| control field |
20171113112957.0 |
| 007 - CAMPOS FIJOS DE DESCRIPCIÓN FÍSICA |
| fixed length control field |
000518 |
| 008 - ELEMENTOS DE LONGITUD FIJA |
| fixed length control field |
160921b 2004 xxu||||| |||| 00| 0 spa d |
| 020 ## - ISBN |
| International Standard Book Number |
1579549292 |
| 020 ## - ISBN |
| International Standard Book Number |
1594868212 |
| 040 ## - FUENTE DE CATALOGACIÓN |
| Agencia que crea de manera original el registro |
BPMSU |
| Idioma de catalogación |
spa |
| Agencia que realiza la transcripción |
BPMSU |
| 082 #4 - NÚMERO DE CLASIFICACIÓN DECIMAL DE DEWEY |
| Classification number |
796.426 |
| Item number |
R943c |
| 240 #4 - TITULO UNIFORME |
| Título uniforme |
Complete book of running |
| 245 00 - MENCIÓN DE TITULO |
| Título |
Runner's complete book of running : |
| Subtítulo |
everything you need to know to run for fun, fitness and competition / |
| Mención de responsabilidad |
edited by Amby Burfoot. |
| 246 04 - VARIACION DEL TÍTULO |
| Título propiamente dicho o título corto |
Complete book of running |
| 250 ## - MENCIÓN DE EDICION |
| Mención de edición |
ed. rev. |
| 260 ## - PUBLICACIÓN, DISTRIBUCIÓN, ETC. (PIE DE IMPRENTA) |
| Lugar de publicación, distribución, etc |
Emmaus, Pennsylvania : |
| Nombre del editor, distribuidor, etc. |
Rodale, |
| Fecha de publicación, distribución, etc |
2004. |
| 300 ## - DESCRIPCIÓN FÍSICA |
| Extensión |
312 p. : |
| Otros detalles físicos |
il. ; |
| Dimensiones |
25 cm. |
| 500 ## - NOTA GENERAL |
| Nota general |
Incluye índice |
| 505 0# - NOTA DE CONTENIDO |
| Información miscelánea |
pt. 1. Beginning running -- |
| Título |
1. The first of many miles -- |
| -- |
2. On the road with Oprah -- |
| -- |
3. Step into good shoes -- |
| -- |
4. Unexpected pleasures -- |
| Información miscelánea |
pt. 2. Nutrition -- |
| Título |
5. Fueling up for a peak performance -- |
| -- |
6. The lowdown on fats -- |
| -- |
7. For men only: 10 truths -- |
| -- |
8. Tomorrow's beverages today -- |
| -- |
9. Say good-bye to meat -- |
| -- |
10. Buried treasures -- |
| Información miscelánea |
pt. 3. Injury prevention -- |
| Título |
11. The big five -- |
| -- |
12. The no-injuries running program -- |
| -- |
13. 10 laws of healthy running -- |
| -- |
14. Self-treat your ailments -- |
| Información miscelánea |
pt. 4. Women's running -- |
| Título |
15. Advice that could save your life -- |
| -- |
16. A woman's encyclopedia of running -- |
| -- |
17. Ask Runner's world -- |
| -- |
18. To dare, to create, to dream -- |
| Información miscelánea |
pt. 5. Building strength, endurance, and speed -- |
| Título |
19. Time-tested advice -- |
| -- |
20. Ideal paces -- |
| -- |
21. Stretch your limits -- |
| -- |
22. The experts' training secrets -- |
| -- |
23. The need for speed -- |
| Información miscelánea |
pt. 6. The mental side of running -- |
| Título |
24. Seven strategies to be your best -- |
| -- |
25. Digging deep -- |
| -- |
26. Smooth sailing -- |
| -- |
27. The mysterious breakthrough -- |
| Información miscelánea |
pt. 7. Cross-training -- |
| Título |
28. The many roads to fitness -- |
| -- |
29. The great indoors -- |
| -- |
30. Running in place -- |
| -- |
31. Masters of efficiency -- |
| -- |
32. Training the whole body -- |
| Información miscelánea |
pt. 8. The marathon -- |
| Título |
33. Guideposts for a marathoner -- |
| -- |
34. Guaranteed results -- |
| -- |
35. Ease on down the road -- |
| -- |
36. Countdown to the big race -- |
| -- |
37. A tip for every mile. |
| 650 #4 - ENCABEZAMIENTO DE MATERIA--TEMÁTICO |
| Término temático o nombre geográfico como elemento de entrada |
CARRERAS PEDESTRES |
| 700 12 - ASIENTO SECUNDARIO -- NOMBRE PERSONAL |
| Nombre personal |
Burfoot, Amby |
| 910 ## - VALIDACIÓN |
| Validación |
Validado. Control de calidad MFF |
| 942 ## - ADDED ENTRY ELEMENTS (KOHA) |
| Source of classification or shelving scheme |
Dewey Decimal Classification |
| Koha item type |
Libros |
| 945 ## - INFORMACIÓN DE PROCESAMIENTO LOCAL |
| Información de procesamiento local |
Inventariado, 2017/MFF |
| 956 ## - LOCAL ELECTRONIC LOCATION AND ACCESS (OCLC) |
| Método de acceso |
LOPEREZ |
| Materiales especificados |
10 |
| Enlace |
20160921 |
| Campo enlazado y núm. de secuencia |
BPMSU |
| Nombre de host |
00041 |